|
|
|
|
| LEADER |
00895nam a22002297a 4500 |
| 001 |
AAL7320 |
| 003 |
BD-DhAAL |
| 005 |
20160307175247.0 |
| 008 |
160307s 2009bg ||||| |||| 00| 0 ben d |
| 020 |
|
|
|a 9847011401015
|
| 040 |
|
|
|a BD-DhAAL
|c BD-DhAAL
|
| 082 |
|
|
|a 891.4437
|
| 100 |
|
|
|a আহমেদ, হুমায়ূন
|9 18379
|
| 245 |
|
|
|a মিসির আলি আপনি কোথায়? /
|c হুমায়ূন আহমেদ
|
| 260 |
|
|
|a ঢাকা :
|b সময় প্রকাশন,
|c ২০০৯
|
| 300 |
|
|
|a ৯৫ পৃ. ;
|c ২২ সে.মি.
|
| 541 |
|
|
|e 7320
|
| 650 |
|
|
|a Bengali fiction
|9 18381
|
| 852 |
|
|
|a Savar Campus Library
|c General Shelf
|
| 942 |
|
|
|2 ddc
|c BK
|
| 999 |
|
|
|c 37053
|d 37053
|
| 952 |
|
|
|0 0
|1 0
|2 ddc
|4 0
|6 891_443700000000000_AHM
|7 0
|9 58301
|a SCL
|b SCL
|c GEN
|d 2016-03-07
|g 120.00
|l 18
|m 57
|o 891.4437 AHM
|p 3020007320
|r 2019-06-24
|s 2019-05-16
|t 1
|y BK
|